Word Ladder: Take a Chance Quiz Stats

 Plays Quiz Updated Mar 14, 2019

Score 0/30 Timer 04:00
0 Plays Today
Clue 4-Letter Word % Correct
Alias of autumnFALL
93.7%
• At no cost •• FREE •
93.6%
Score 35% on a test, sayFAIL
93.4%
Three make a yardFEET
93.1%
Guitar neck featureFRET
91.2%
• Warden's place •• JAIL •
89.9%
Major newspaper in WashingtonPOST
88.7%
• Ace of clubs, for one •• CARD •
88.6%
Piece of changeCOIN
88.1%
White Stripes hit: '____ in Love with a Girl'FELL
87.1%
Thick ropeCORD
86.8%
Little jokeJEST
86.4%
Accepting male and female studentsCOED
86.2%
Rocker Joan who led the BlackheartsJETT
86.2%
End of a shirt sleeve, oftenCUFF
85.6%
Clue 4-Letter Word % Correct
ConnectJOIN
85.5%
Aphid or weed, for examplePEST
85%
Deep Throat's last nameFELT
84.2%
US President before WilsonTAFT
81.9%
Follower of an ancient Indian religionJAIN
81.2%
Reputation on the streetCRED
81%
SulkPOUT
80.5%
Canadian First Nations tribesCREE
80.2%
Tightly stretchedTAUT
79.6%
• Promote, as a new movie •• TOUT •
76.8%
Hairstyle, for shortCOIF
75.8%
Fluffy clusterTUFT
72.9%
Scottish for 'buy' (or 2/3 of a hot drink?)COFF
72.5%
• Strong-sounding volcanic rock •• TUFF •
71.8%
• '_____ Off', Prince title with a deliberate misspelling •• GETT •
56.2%

Today's Daily Dose

Word Ladder
Lean on Me

Get the Picture
Superhero by Villain

You're not logged in!

Compare scores with friends on all Sporcle quizzes.
OR
Log In

Sporcle TV

Today on Sporcle TV


Watch our educational content, quiz creation guides, and fun videos on Sporcle TV.

Show Comments

Extras

Top Quizzes Today


Score Distribution

Your Account Isn't Verified!

In order to create a playlist on Sporcle, you need to verify the email address you used during registration. Go to your Sporcle Settings to finish the process.

Report this User

Report this user for behavior that violates our Community Guidelines.

Details: